Southville International School and Colleges
Your cart is empty.
  • Cart
  • Lists
    Public lists Eva Luna New books Lux_list list_1
    Your lists Log in to create your own lists
  • Log in to your account
  • Your cookies
  • Search history
Southville International School and Colleges
  • Advanced search
  • Recent comments
  • Most popular
  • Libraries

Log in to your account

Log in with GOOGLE


If you do not have an external account, but do have a local account, you can still log in:

  1. Home
  2. MARC view: A+ guide to managing and maintaining your PC :
Normal view MARC view ISBD view

A+ guide to managing and maintaining your PC : (Record no. 288703)

[ view plain ]
MARC details
000 -LEADER
fixed length control field 01613cam a22003857a 4500
001 - CONTROL NUMBER
control field 17515059
003 - CONTROL NUMBER IDENTIFIER
control field PILC
005 - DATE AND TIME OF LATEST TRANSACTION
control field 20150921125133.0
008 - FIXED-LENGTH DATA ELEMENTS--GENERAL INFORMATION
fixed length control field 121101s2014 at a 001 0 eng
010 ## - LIBRARY OF CONGRESS CONTROL NUMBER
LC control number 2012953158
020 ## - INTERNATIONAL STANDARD BOOK NUMBER
International Standard Book Number 9781133135081
020 ## - INTERNATIONAL STANDARD BOOK NUMBER
International Standard Book Number 1133135080
035 ## - SYSTEM CONTROL NUMBER
System control number (OCoLC)ocn824800308
040 ## - CATALOGING SOURCE
Original cataloging agency IAH
Transcribing agency IAH
Modifying agency IAH
-- YDXCP
-- BWX
-- TXI
-- DLC
042 ## - AUTHENTICATION CODE
Authentication code lccopycat
050 00 - LIBRARY OF CONGRESS CALL NUMBER
Classification number QA 76.3
Item number .An56 2015
082 00 - DEWEY DECIMAL CLASSIFICATION NUMBER
Classification number 004.16
100 1# - MAIN ENTRY--PERSONAL NAME
Personal name Andrews, Jean,
Dates associated with a name 1946-
245 10 - TITLE STATEMENT
Title A+ guide to managing and maintaining your PC :
Statement of responsibility, etc Jean Andrews.
Remainder of title with lab exercises - hardware /
246 3# - VARYING FORM OF TITLE
Title proper/short title A plus guide to managing and maintaining your PC
250 ## - EDITION STATEMENT
Edition statement 3rd edition.
260 ## - PUBLICATION, DISTRIBUTION, ETC. (IMPRINT)
Place of publication, distribution, etc Australia ;
Name of publisher, distributor, etc Cengage Learning,
Date of publication, distribution, etc 2015.
300 ## - PHYSICAL DESCRIPTION
Extent xii, 175 pages :
Other physical details illustrations ;
Dimensions 29 cm.
610 20 - SUBJECT ADDED ENTRY--CORPORATE NAME
Corporate name or jurisdiction name as entry element Computing Technology Industry Association
General subdivision Examinations
Form subdivision Study guides.
650 #0 - SUBJECT ADDED ENTRY--TOPICAL TERM
Topical term or geographic name as entry element Electronic data processing personnel
General subdivision Certification.
650 #0 - SUBJECT ADDED ENTRY--TOPICAL TERM
Topical term or geographic name as entry element Computer technicians
General subdivision Certification
Form subdivision Study guides.
650 #0 - SUBJECT ADDED ENTRY--TOPICAL TERM
Topical term or geographic name as entry element Microcomputers
General subdivision Maintenance and repair
-- Examinations
Form subdivision Study guides.
856 42 - ELECTRONIC LOCATION AND ACCESS
Materials specified Contributor biographical information
Uniform Resource Identifier <a href="http://www.loc.gov/catdir/enhancements/fy1317/2012953158-b.html">http://www.loc.gov/catdir/enhancements/fy1317/2012953158-b.html</a>
856 42 - ELECTRONIC LOCATION AND ACCESS
Materials specified Publisher description
Uniform Resource Identifier <a href="http://www.loc.gov/catdir/enhancements/fy1317/2012953158-d.html">http://www.loc.gov/catdir/enhancements/fy1317/2012953158-d.html</a>
856 41 - ELECTRONIC LOCATION AND ACCESS
Materials specified Table of contents only
Uniform Resource Identifier <a href="http://www.loc.gov/catdir/enhancements/fy1317/2012953158-t.html">http://www.loc.gov/catdir/enhancements/fy1317/2012953158-t.html</a>
906 ## - LOCAL DATA ELEMENT F, LDF (RLIN)
a 7
b cbc
c copycat
d 2
e ncip
f 20
g y-gencatlg
942 ## - ADDED ENTRY ELEMENTS (KOHA)
Source of classification or shelving scheme Library of Congress Classification
Koha item type Books
Call number prefix Foreign
Holdings
Withdrawn status Lost status Source of classification or shelving scheme Damaged status Home library Current library Shelving location Date acquired Source of acquisition Sub Shelving location Total Checkouts Full call number Barcode Date last seen Price effective from Koha item type
    Library of Congress Classification   College Library College Library Reserve Section 09/21/2015 Donation     QA 76.3 .An56 2015 C20041 09/21/2015 09/21/2015 Books

A+ guide to managing and maintaining your PC :

APA

Andrews J., . (2015). A+ guide to managing and maintaining your PC. Australia: Cengage Learning.

Chicago

Andrews Jean, . 2015. A+ guide to managing and maintaining your PC. Australia: Cengage Learning.

Harvard

Andrews J., . (2015). A+ guide to managing and maintaining your PC. Australia: Cengage Learning.

MLA

Andrews Jean, . A+ guide to managing and maintaining your PC. Australia: Cengage Learning. 2015.

  • Place hold
  • Print
  • Cite
  • Add to your cart (remove)
  • Save record
    BIBTEX Dublin Core MARCXML MARC (non-Unicode/MARC-8) MARC (Unicode/UTF-8) MARC (Unicode/UTF-8, Standard) MODS (XML) RIS
  • More searches
    Search for this title in:
    Other Libraries (WorldCat) Other Databases (Google Scholar) Online Stores (Bookfinder.com) Open Library (openlibrary.org)

Exporting to Dublin Core...

SOUTHVILLE LIBRARY

Southville International School and Colleges Library

1281 Tropical Ave. Cor. Luxembourg St., BF Homes International, Las Pinas City

Tel. No. 8256374 / 252358 Loc. 117/146

Powered by Koha